<?xml version="1.0" encoding="UTF-8"?><?xml-stylesheet type="text/xsl" href="static/style.xsl"?><OAI-PMH xmlns="http://www.openarchives.org/OAI/2.0/" xmlns:xsi="http://www.w3.org/2001/XMLSchema-instance" xsi:schemaLocation="http://www.openarchives.org/OAI/2.0/ http://www.openarchives.org/OAI/2.0/OAI-PMH.xsd"><responseDate>2026-04-17T08:01:07Z</responseDate><request verb="GetRecord" identifier="oai:www.recercat.cat:2445/124808" metadataPrefix="marc">https://recercat.cat/oai/request</request><GetRecord><record><header><identifier>oai:recercat.cat:2445/124808</identifier><datestamp>2025-12-05T16:43:55Z</datestamp><setSpec>com_2072_1057</setSpec><setSpec>col_2072_478823</setSpec><setSpec>col_2072_478917</setSpec></header><metadata><record xmlns="http://www.loc.gov/MARC21/slim" xmlns:dcterms="http://purl.org/dc/terms/" xmlns:xsi="http://www.w3.org/2001/XMLSchema-instance" xmlns:doc="http://www.lyncode.com/xoai" xsi:schemaLocation="http://www.loc.gov/MARC21/slim http://www.loc.gov/standards/marcxml/schema/MARC21slim.xsd">
   <leader>00925njm 22002777a 4500</leader>
   <datafield ind2=" " ind1=" " tag="042">
      <subfield code="a">dc</subfield>
   </datafield>
   <datafield ind2=" " ind1=" " tag="720">
      <subfield code="a">Graugés Pous, Eugeni</subfield>
      <subfield code="e">author</subfield>
   </datafield>
   <datafield ind2=" " ind1=" " tag="720">
      <subfield code="a">Garra Ticó, Jordi</subfield>
      <subfield code="e">author</subfield>
   </datafield>
   <datafield ind2=" " ind1=" " tag="720">
      <subfield code="a">BABAR Collaboration</subfield>
      <subfield code="e">author</subfield>
   </datafield>
   <datafield ind2=" " ind1=" " tag="260">
      <subfield code="c">2018-09-25T16:17:12Z</subfield>
   </datafield>
   <datafield ind2=" " ind1=" " tag="260">
      <subfield code="c">2018-09-25T16:17:12Z</subfield>
   </datafield>
   <datafield ind2=" " ind1=" " tag="260">
      <subfield code="c">2010</subfield>
   </datafield>
   <datafield ind2=" " ind1=" " tag="260">
      <subfield code="c">2018-09-25T16:17:12Z</subfield>
   </datafield>
   <datafield ind2=" " ind1=" " tag="520">
      <subfield code="a">Bound states of heavy quarks provide a powerful testing ground for quantum chromodynamics (QCD). Experimental studies of charmonium and bottomonium spectroscopy have helped uncover some of the key aspects of the quarkonium potential. Studies of the decays of quarkonia and of their decay products can also reveal important information on QCD processes. The hadronic decays of the narrow quarkonia, states which are below the threshold for open flavor production, are dominated by couplings to gluons and the fragmentation process into light hadrons. The decay properties of charmonia, which have a relatively low multiplicity particle content, have been extensively studied. However, little is known about the final state contents of bottomonia. In particular, scarcely any experimental information exists on the decays of bottomonium to open charm. The CLEO Collaboration has observed charm production in the decays of the b states with branching fractions of the order of 10%. The ARGUS Collaboration searched for the decay Y(1S) -- D+-X and set a limit on its branching fraction of B &lt; 1,9% at 90% confidence level.</subfield>
   </datafield>
   <datafield tag="653" ind2=" " ind1=" ">
      <subfield code="a">Quarks</subfield>
   </datafield>
   <datafield tag="653" ind2=" " ind1=" ">
      <subfield code="a">Hadrons</subfield>
   </datafield>
   <datafield tag="653" ind2=" " ind1=" ">
      <subfield code="a">Teoria quàntica de camps</subfield>
   </datafield>
   <datafield tag="653" ind2=" " ind1=" ">
      <subfield code="a">Quarks</subfield>
   </datafield>
   <datafield tag="653" ind2=" " ind1=" ">
      <subfield code="a">Hadrons</subfield>
   </datafield>
   <datafield tag="653" ind2=" " ind1=" ">
      <subfield code="a">Quantum field theory</subfield>
   </datafield>
   <datafield ind2="0" ind1="0" tag="245">
      <subfield code="a">Observation of inclusive D*+- production in the decay of Upsilon (1S)</subfield>
   </datafield>
</record></metadata></record></GetRecord></OAI-PMH>